عرض عادي
عرض مارك
- Jones, Norman,
مدخل إسم شخص
001 - رقم الضبط
- حقل الضبط: 12006
003 - معرف رقم الضبط
- حقل الضبط: OSt
005 - تاريخ ووقت أخر عملية
- حقل الضبط: 20120427161510.0
008 - عناصر بيانات ثابتة الطول
- حقل تحكم ثابت الطول: 120427|||a|||||| | ||| d
040 ## - مصدر الفهرسة
- هيئة الفهرسة الأصلية: OSt
- وكالة الكتابة: OSt
100 ## - مدخل -- أسم شخص
- إسم شخص: Jones, Norman,
- تواريخ مرتبطة بالاسم: 1938-
670 ## - بيانات المصدر موجوده
- الاستشهاد بالمصدر: Work cat.: (OSt)24144: International Conference on Structures Under Shock and Impact (11th : 2010 : Tallinn, Estonia) 12002, Structures under shock and impact XI /, c2010.
